| 000 -ლიდერი |
| ფიქსირებული სიგრძის საკონტროლო ველი |
01418nam a22002297a 4500 |
| 003 - საკონტროლო ნომრის იდენტიფიკატორი |
| საკონტროლო ველი |
Ge_BSU |
| 005 - ბოლო ოპერაციის თარიღი და დრო |
| საკონტროლო ველი |
20251219130739.0 |
| 008 - ფიქსირებული სიგრძის მონაცემთა ელემენტები - ზოგადი ინფორმაცია |
| ფიქსირებული სიგრძის საკონტროლო ველი |
251218s2025 ge ||||| |||| 00| 0 geo d |
| 020 ## - წიგნის საერთაშორისო სტანდარტული ნომერი |
| International Standard Book Number |
9789941974205 |
| 041 ## - ენის კოდი |
| Language code of text/sound track or separate title |
geo |
| 080 ## - უნივერსალური ათობითი კლასიფიკაციის ინდექსი |
| Universal Decimal Classification number |
811.124(073) ბ-83 |
| 100 ## - მთავარი ჩანაწერი - პიროვნების სახელი |
| Personal name |
ბოლქვაძე, ბესიკ |
| 9 (RLIN) |
1967 |
| 245 ## - ცნობა სათაურის შესახებ |
| Title |
ლათინური გამონათქვამები და საუნივერსიტეტო ლექსიკის ლათინური საწყისები / |
| Statement of responsibility, etc |
ბესიკ ბოლქვაძე; რედ. დ. ფაჩულია; თსუ. კლასიკურ ფილოლოგიის, ბიზანისტიკისა და ნეოგრეცისტიკის ინსტიტუტი. |
| 264 ## - წარმოების, გამოცემის, დისტრიბუციის და სხვა ცნობები |
| გამოცემის, წარმოების, დისტრიბუციის... ადგილი |
თბილისი : |
| გამოცემის, წარმოების, დისტრიბუციის... სახელწოდება |
ლოგოსი, |
| გამოცემის, წარმოების, დისტრიბუციის... თარიღი |
2025. |
| 300 ## - ფიზიკური აღწერა |
| Extent |
116 გვ.; |
| Other physical details |
20 სმ. |
| 500 ## - ზოგადი შენიშვნა |
| General note |
ეძღვნება ავტორის ძმისშვილს |
| 504 ## - BIBLIOGRAPHY, ETC. NOTE |
| Bibliography, etc |
ბიბვლიოგრ. გვ. 114-116 |
| 653 ## - INDEX TERM--UNCONTROLLED |
| Uncontrolled term |
ლექსიკა |
| 700 ## - ADDED ENTRY--PERSONAL NAME |
| Personal name |
ფაჩულია, დ. |
| Relator term |
რედაქტორი |
| 9 (RLIN) |
26559 |
| 710 ## - ADDED ENTRY--CORPORATE NAME |
| Corporate name or jurisdiction name as entry element |
თსუ. |
| Subordinate unit |
კლასიკურ ფილოლოგიის, ბიზანისტიკისა და ნეოგრეცისტიკის ინსტიტუტი. |
| 9 (RLIN) |
26560 |
| 942 ## - ADDED ENTRY ELEMENTS (KOHA) |
| Source of classification or shelving scheme |
|
| Koha item type |
წიგნი |